| 000 | 00421nam a2200157Ia 4500 | ||
|---|---|---|---|
| 003 | GCL | ||
| 008 | 140319s9999 xx 000 0 eng d | ||
| 040 |
_aGCL / _cGCL |
||
| 082 | 0 | 4 |
_a791.43030 _bB E |
| 100 | 1 | _aBOUSSINOT, ROGER | |
| 245 | 1 | 0 |
_aL'ENCYCLOPEDIA DU CINEMA / _cBOUSSINOT, ROGER |
| 260 |
_a[S.N] : _bBORDAS ، _c1989 |
||
| 650 | 0 | 4 | _aENCYCLOPEDIAS AND DICTIONARIES |
| 650 | 0 | 4 | _aMOVIES - ART |
| 942 |
_2ddc _cBK |
||
| 999 |
_c20849 _d20849 |
||